000 00485nam a2200181Ia 4500
005 20250326125744.0
008 250326s9999 xx 000 0 und d
037 _aTextbook
040 _aFMSL
_beng
_cFMSL
041 _aeng
_2eng
084 _aBobX N9
_qFMSL
100 _aSatty T L
_9739622
245 0 _aMathematical methods of operations
_cSatty T L
260 _aNY
_bNY, McGraw-Hill
_c1959
300 _a421p
942 _cTB
_hBobX N9
999 _c1279425
_d1279425